Η δημιουργία
Αποθηκεύτηκε σε:
| Κύριος συγγραφέας: | |
|---|---|
| Μορφή: | Βιβλίο |
| Γλώσσα: | Greek English |
| Δημοσίευση: |
Αθήνα :
Κάτοπτρο,
[1987]
|
| Θέματα: | |
| Ετικέτες: |
Προσθήκη ετικέτας
Δεν υπάρχουν, Καταχωρήστε ετικέτα πρώτοι!
|
MARC
| LEADER | 00000cam a2200000 a 4500 | ||
|---|---|---|---|
| 001 | 1/114928 | ||
| 008 | 170918s1987####gr | ||| |||| ||gre|| | ||
| 040 | |a GR-MyUa |b gre |c GR-MyUa |e AACR2 | ||
| 041 | 1 | |a gre |h eng | |
| 082 | 7 | |a 523.1 |2 (23) | |
| 100 | 1 | |a Atkins, P. W. |q (Peter William), |d 1940- | |
| 245 | 1 | 2 | |a Η δημιουργία / |c P. W. Atkins ; μετάφραση Θ. Τσουκαλαδάκης. |
| 260 | |a Αθήνα : |b Κάτοπτρο, |c [1987] | ||
| 300 | |a 205 σ. : |b εικ. ; |c 22 εκ. | ||
| 504 | |a Βιβλιογραφία: σ. 200-205. | ||
| 650 | 0 | |a Cosmology. | |
| 852 | |a INST |b SYROS |e 20170918 |h 523.1 ATK |p 005500013162 |q 005500013162 |t BK |y 0 | ||
| 970 | |a Κοντού |b Παρασκευή |z 18/09/2017 | ||